[Event "Campionato turco 2007"]
[Site "Ankara TUR"]
[Date "2007.03.02"]
[Round "2"]
[White "Esen, B."]
[Black "Atalik, S."]
[Result "1/2-1/2"]
[WhiteElo "2447"]
[BlackElo "2586"]
[PlyCount "120"]
[EventDate "2007.03.01"]
[Source "www.chesslib.no"]
[SourceDate "2004.05.04"]

1. d4 Nf6 2. c4 c5 3. d5 e5 4. Nc3 d6 5. e4 Be7 6. Be2 Nbd7 7. Nf3 O-O 8. Be3 a6 9. Rb1 Nh5 10. Nd2 Nf4 11. Bf1 Nf6 12. h3 h5 13. g3 Ng6 14. b4 b6 15. Bg2 h4 16. O-O Bd7 17. Rb2 Nh7 18. Qe2 Qc8 19. bxc5 bxc5 20. Kh2 Ng5 21. Bxg5 Bxg5 22. Rfb1 Ra7 23. Qh5 Bxd2 24. Rxd2 Rb7 25. Rdb2 Rxb2 26. Rxb2 Qc7 27. Qd1 Rb8 28. Qb1 Rxb2 29. Qxb2 Nf8 30. a3 Qd8 31. Nb1 Qf6 32. Qd2 g5 33. Qe3 Ng6 34. Nd2 g4 35. hxg4 Bxg4 36. Nf3 Kg7 37. Kg1 hxg3 38. fxg3 Bxf3 39. Bxf3 Nf8 40. Bg4 Qh6 41. Qe1 Qg5 42. Bf5 Ng6 43. Bxg6 Kxg6 44. Kg2 Qg4 45. Qe3 f5 46. exf5+ Kxf5 47. Qf3+ Qxf3+ 48. Kxf3 Kg5 49. Ke3 Kg4 50. Kf2 a5 51. a4 e4 52. Ke3 Kxg3 53. Kxe4 Kg4 54. Ke3 Kg5 55. Ke4 Kg6 56. Ke3 Kg5 57. Ke4 Kg6 58. Ke3 Kf5 59. Kf3 Ke5 60. Ke3 Kf5 1/2-1/2

[Event "2. Open Fincas Mediterranea"]
[Site "?"]
[Date "2005.08.20"]
[Round "4"]
[White "Hernando Rodrigo Jose Maria"]
[Black "Nisipeanu Liviu-Dieter"]
[Result "0-1"]
[WhiteElo "2351"]
[BlackElo "2679"]
[PlyCount "144"]
[EventDate "2005.??.??"]
[Source "www.chesslib.no"]
[SourceDate "2004.05.04"]

1. d4 Nf6 2. c4 c5 3. d5 e5 4. Nc3 d6 5. e4 Be7 6. Bd3 a6 7. a3 Nbd7 8. Rb1 O-O 9. Nf3 Nh5 10. O-O g6 11. Bh6 Ng7 12. Qc2 b6 13. b4 Ra7 14. Na4 Qe8 15. bxc5 bxc5 16. Rb2 Bd8 17. Rfb1 Kh8 18. Nd2 Qe7 19. Nf3 f6 20. Nd2 Qf7 21. Qc3 f5 22. f3 f4 23. Nb3 a5 24. Nd2 g5 25. Rb5 Rg8 26. Bxg7+ Qxg7 27. Be2 Nf6 28. Nb6 Bxb6 29. Rxb6 Qf8 30. R1b5 g4 31. Rxa5 gxf3 32. Bxf3 Rxa5 33. Qxa5 Bh3 34. Qa7 Nd7 35. Rb7 Rxg2+ 36. Bxg2 Qg8 37. Kf2 Qxg2+ 38. Ke1 f3 39. Kd1 f2 40. Qa8+ Kg7 41. Qd8 Bg4+ 42. Kc1 f1=Q+ 43. Nxf1 Qxf1+ 44. Kb2 Qf2+ 45. Ka1 Qd4+ 46. Ka2 Qxc4+ 47. Ka1 Qc1+ 48. Ka2 Qc2+ 49. Ka1 Qd1+ 50. Ka2 Qe2+ 51. Ka1 Qf1+ 52. Ka2 Qe2+ 53. Ka1 Qe1+ 54. Ka2 Kh6 55. Rxd7 Qf2+ 56. Ka1 Qg1+ 57. Ka2 Qxh2+ 58. Ka1 Qg1+ 59. Ka2 Qf2+ 60. Ka1 Bxd7 61. Qxd7 Qf8 62. Qg4 c4 63. a4 Qf2 64. Qe6+ Kg5 65. Qg8+ Kf4 66. Qf7+ Ke3 67. Qa7+ Ke2 68. Qxh7 Qd4+ 69. Ka2 Qd2+ 70. Ka1 c3 71. Qh5+ Kd3 72. Qf3+ Kd4 0-1

[Event "ISR-chT"]
[Site "Israel"]
[Date "1996.??.??"]
[Round "7"]
[White "Khenkin, Igor"]
[Black "Zoler, Dan"]
[Result "1-0"]
[WhiteElo "2575"]
[BlackElo "2455"]
[PlyCount "75"]
[EventDate "1996.??.??"]
[Source "ChessBase"]

1. d4 Nf6 2. c4 c5 3. d5 e5 4. Nc3 d6 5. e4 g6 6. g3 a6 7. a4 Bg7 8. Bg2 O-O 9. Nf3 Nbd7 10. O-O h6 11. Bd2 Nh7 12. Qc1 h5 13. Qc2 a5 14. Nb5 Ndf6 15. Bc3 Ng4 16. Rae1 Qe7 17. b3 b6 18. Qb2 Bd7 19. Nd2 h4 20. f3 Nh6 21. gxh4 Nf6 22. f4 Nh5 23. fxe5 dxe5 24. d6 Qe6 25. Nc7 Qxd6 26. Nxa8 Rxa8 27. Nf3 Re8 28. Rd1 Qc7 29. Nxe5 Bg4 30. Rd5 Nf6 31. Nd3 Nh5 32. Bxg7 Nxg7 33. Nf4 Ne6 34. Re5 Rd8 35. Nd5 Qd6 36. Nf6+ Kf8 37. Rd5 Qe7 38. Nxg4 1-0

[Event "Capablanca mem-A"]
[Site "Cuba"]
[Date "1993.??.??"]
[Round "6"]
[White "Nogueiras, Jesus"]
[Black "Gonzalez, Juan Carlos"]
[Result "1/2-1/2"]
[WhiteElo "2570"]
[BlackElo "2460"]
[PlyCount "86"]
[EventDate "1993.??.??"]
[Source "ChessBase"]

1. d4 Nf6 2. c4 c5 3. d5 e5 4. Nc3 d6 5. e4 g6 6. Nf3 Bg7 7. Bg5 h6 8. Bh4 g5 9. Bg3 Nh5 10. Nd2 Nxg3 11. fxg3 g4 12. Bd3 h5 13. Qe2 a6 14. O-O-O O-O 15. Rdf1 b5 16. h3 Qg5 17. Kc2 b4 18. Nd1 Bh6 19. h4 Qxd2+ 20. Qxd2 Bxd2 21. Kxd2 Kg7 22. Ne3 f6 23. a3 a5 24. axb4 cxb4 25. c5 dxc5 26. Rc1 Nd7 27. Bb5 Kg6 28. Ra1 c4 29. Bxd7 c3+ 30. bxc3 bxc3+ 31. Kxc3 Bxd7 32. Rhb1 Rfc8+ 33. Kd2 Ra7 34. Rb6 Kg7 35. Rf1 Rf8 36. Rfb1 Rc8 37. Rb7 Rc7 38. Rxc7 Rxc7 39. Rb6 Ra7 40. Kc3 Kf7 41. Nc4 Rc7 42. Kd3 Ra7 43. Kc3 Rc7 1/2-1/2

[Event "GER-GRE"]
[Site "Fuerth"]
[Date "2002.09.01"]
[Round "2"]
[White "Buhmann, Rainer"]
[Black "Miladinovic, Igor"]
[Result "1-0"]
[WhiteElo "2527"]
[BlackElo "2503"]
[PlyCount "141"]
[EventDate "2002.08.31"]
[Source "ChessBase"]
[SourceDate "2002.11.12"]

1. d4 Nf6 2. c4 c5 3. d5 e5 4. Nc3 d6 5. e4 Nbd7 6. g3 Be7 7. Bg2 Nf8 8. Nge2 Ng6 9. f3 Bd7 10. Be3 a6 11. a4 Qc8 12. h4 Nh5 13. Qd2 O-O 14. a5 f5 15. exf5 Bxf5 16. Na4 Bd8 17. f4 e4 18. Ra3 Rb8 19. Bf2 Qd7 20. Nb6 Bxb6 21. axb6 Rbe8 22. Re3 Nf6 23. b4 Ng4 24. bxc5 dxc5 25. Nc3 Rf6 26. O-O Nxe3 27. Bxe3 Rxb6 28. Bxc5 Rc6 29. Qd4 Rcc8 30. Ba3 Bh3 31. h5 Bxg2 32. Kxg2 Ne7 33. Bxe7 Rxe7 34. h6 Qd6 35. Nxe4 Qxh6 36. f5 Rce8 37. f6 Rf7 38. Rf2 Ref8 39. d6 Qh5 40. Rf4 Qe2+ 41. Rf2 Qh5 42. Rd2 Qg6 43. Rf2 gxf6 44. Qd5 Kh8 45. Rf5 b6 46. Qe6 Qg4 47. Nf2 Qg7 48. Ne4 a5 49. Nc3 Rd7 50. Na4 Qf7 51. Qxf7 Rfxf7 52. Rd5 Rb7 53. Kf3 Kg8 54. Ke4 Rg7 55. Rb5 f5+ 56. Ke5 h5 57. Nxb6 f4 58. gxf4 a4 59. c5 a3 60. Rb1 h4 61. Ra1 h3 62. c6 Rxb6 63. d7 Rb5+ 64. Kf6 Rb8 65. c7 Rf8+ 66. Ke6 Rxd7 67. Kxd7 h2 68. c8=Q Rxc8 69. Kxc8 Kf7 70. f5 Kf6 71. Rf1 1-0